Animals Starting With D - Statistics

General Stats
  • This quiz has been taken 120 times
  • The average score is 10 of 15
Answer Stats
Picture Answer % Correct
Dog
94%
Deer
93%
Dolphin
93%
Donkey
93%
Duck
93%
Dalmatian
88%
Dragonfly
88%
Dodo
79%
Dung Beetle
78%
Dachshund
69%
Dingo
69%
Dik-Dik
28%
Darwin’s Frog
25%
Dormouse
23%
Dogue De Bordeaux
11%
No matching quizzes found
Score Distribution
Percent of People with Each Score
Percentile by Number Answered
Your Score History
You have not taken this quiz